Städte die an Köln grenzen - Statistiken

Allgemein
  • Dieses Quiz wurde 229 mal gespielt
  • Das Durchschnittsergebnis liegt bei 6 aus 12
Antwortstatistiken
Einwohner (2021/2022) Stadt/Gemeinde % Korrekt
163.851 Leverkusen
92%
113.212 Bergisch Gladbach
81%
60.034 Hürth
66%
52.115 Frechen
61%
43.998 Brühl
57%
75.222 Troisdorf
55%
56.356 Pulheim
52%
37.519 Wesseling
49%
64.553 Dormagen
48%
28.712 Rösrath
35%
38.694 Niederkassel
31%
41.913 Monheim am Rhein
4%
Keine übereinstimmenden Quizze gefunden
Verteilung der Resultate
Anzahl Personen mit jedem Resultat
Perzentil nach korrekt beantworteten Fragen
Ihre Resultats-Entwicklung
Sie haben dieses Quiz noch nicht gespielt